Statistiques concernant Petit bac Harry Potter - C

Cliquez ici pour prendre le quiz!

Statistiques générales

  • Ce quiz a été pris 963 fois
    (916 depuis la dernière actualisation)
  • Le résultat moyen est 4 sur 7

Statistiques - réponses

ThèmeMot% Correct
PersonnageCho Chang / Pomona Chourave / Vincent Crabbe / Colin Crivey / Alecto Carrow / Barty Croupton Jr. / Bertie Crochue / Chevalier du Catogan / Crockdur / Coquecigrue / Croutard / Michael Corner / Reg Cattermole / Polly Chapman / Ritchie Coote
91%
LieuChambre des Secrets / Chemin de Traverse / Cabane de Hagrid / Chaumière aux Coquillages / Cachots de Poudlard / Cabane hurlante / Chaudron Baveur / Compagnie de la Comète / Compagnie des Balais Brossdur / Compagnie des Balais Universels / Compagnie Ellerby et Spudmore / Centre d'éducation des jeunes délinquants récidivistes de St Brutus
80%
ObjetCarte du Maraudeur / Cape d'invisibilité / Choixpeau magique / Cognard / Coupe de Helga Poufsouffle / Carte de Chocogrenouilles / Coupe de Feu
65%
CréatureCentaure / Chaporouge / Chartier / Cheval ailé / Chimère / Chouette / Ciseburine / Clabbert / Cocatris / Cornelongue roumain / Crabe de Feu / Crapaud / Croup
58%
Potion / Ingrédient de potionsCorne de bicorne / Corne de dragon / Corne de Grapcorne / Corne de licorne / Crin de licorne / Chrysope / Chance liquide
30%
SortilègeCalvorio / Carpe Retractum / Cave inimicum / Circumrota / Collaporta / Colovaria / Confringo / Confundo / Cracbadabum
28%
Equipe de QuidditchCanons de Chudley / Chauves-Souris de Fichucastel
26%

Distribution des résultats

Percentile par nombre de réponses

% des personnes avec chaque résultat

Votre développement - résultats

Vous n’avez pas pris ce quiz depuis la dernière actualisation